[Event "South FR-ch"]
[Site "Maikop"]
[Date "2018.04.01"]
[Round "9"]
[White "Arutyunov, Artyom"]
[Black "Dobrovolsky, Oleg"]
[Result "0-1"]
[WhiteElo "2005"]
[BlackElo "2253"]
[PlyCount "102"]
[EventDate "2018.03.24"]
[EventType "swiss"]
[EventRounds "9"]
[EventCountry "RUS"]
[SourceTitle "EXT 2019"]
[Source "ChessBase"]
[SourceDate "2018.10.10"]
[SourceVersion "1"]
[SourceVersionDate "2018.10.10"]
[SourceQuality "1"]

1. e4 e6 2. d4 d5 3. Nc3 Nf6 4. Bg5 Bb4 5. e5 h6 6. Be3 Ne4 7. Nge2 c5 8. f3 cxd4 9. Bxd4 Nxc3 10. Bxc3 Nc6 11. Bxb4 Qh4+ 12. g3 Qxb4+ 13. Kf2 Nxe5 14. Qd4 Qxd4+ 15. Nxd4 Bd7 16. f4 Nc6 17. Nb3 Rd8 18. c4 dxc4 19. Bxc4 0-0 20. Rhd1 Bc8 21. Ke3 g6 22. Nc5 Kg7 23. Ne4 Ne7 24. Nc3 a6 25. a4 Nc6 26. Ne4 Nb4 27. Rac1 Bd7 28. Rd6 Bxa4 29. Rb6 Nc2+ 30. Kf2 Rd4 31. b3 Bc6 32. Rxc2 Bxe4 33. Rc3 Rfd8 34. Ke3 Bh1 35. Bd3 R8d7 36. Bc2 Rd2 37. Be4 Rxh2 38. Bxh1 Rxh1 39. Kf3 Rhd1 40. Ke2 R1d6 41. Rb4 h5 42. Rbc4 Kf6 43. Ke3 Kf5 44. Rc5+ Rd5 45. R5c4 Kg4 46. Ra4 Kxg3 47. f5 exf5 48. Ke2+ Kg2 49. Ra2 Re7+ 50. Re3 Rxe3+ 51. Kxe3+ Kg3 0-1

[Event "South FR-ch"]
[Site "Maikop"]
[Date "2018.03.31"]
[Round "8"]
[White "Smirnov, Alexander V"]
[Black "Arutyunov, Artyom"]
[Result "0-1"]
[WhiteElo "2069"]
[BlackElo "2005"]
[PlyCount "108"]
[EventDate "2018.03.24"]
[EventType "swiss"]
[EventRounds "9"]
[EventCountry "RUS"]
[SourceTitle "EXT 2019"]
[Source "ChessBase"]
[SourceDate "2018.10.10"]
[SourceVersion "1"]
[SourceVersionDate "2018.10.10"]
[SourceQuality "1"]

1. d4 Nf6 2. c4 d6 3. Nc3 Nbd7 4. Nf3 e5 5. d5 Nc5 6. Qc2 Bg4 7. b4 Ncd7 8. Rb1 Be7 9. Nd2 Bh5 10. e4 Bg6 11. Bd3 0-0 12. 0-0 Qc8 13. Ne2 Re8 14. Ng3 c6 15. dxc6 bxc6 16. Nb3 d5 17. c5 dxe4 18. Nxe4 Nd5 19. Na5 Qc7 20. a3 Rac8 21. Nc4 f5 22. Ned6 e4 23. Nxc8 Qxc8 24. Be2 f4 25. Qb3 Rf8 26. Bg4 f3 27. Ne3 Bf7 28. Rd1 N5f6 29. Be6 Qc7 30. Nf5 Ne5 31. Bf4 Nd5 32. Rxd5 Bxe6 33. Bxe5 Qb7 34. Nxe7+ Qxe7 35. Bd6 Qf7 36. Bxf8 Bxd5 37. Qe3 Qg6 38. g3 Qg4 39. Kh1 Qh3 40. Rg1 Kxf8 41. g4 Kf7 42. Qf4+ Ke6 43. g5 g6 44. Qd6+ Kf7 45. Qg3 Qxg3 46. hxg3 e3 47. Kh2 e2 48. g4 Ke6 49. Kg3 Ke5 50. a4 a6 51. Ra1 Kd4 52. Kf4 Kd3 53. Rb1 Kd2 54. Ke5 Bb3 0-1

[Event "South FR-ch"]
[Site "Maikop"]
[Date "2018.03.28"]
[Round "5"]
[White "Arutyunov, Artyom"]
[Black "Tletseri, Julietta"]
[Result "1-0"]
[WhiteElo "2005"]
[BlackElo "1574"]
[PlyCount "59"]
[EventDate "2018.03.24"]
[EventType "swiss"]
[EventRounds "9"]
[EventCountry "RUS"]
[SourceTitle "EXT 2019"]
[Source "ChessBase"]
[SourceDate "2018.10.10"]
[SourceVersion "1"]
[SourceVersionDate "2018.10.10"]
[SourceQuality "1"]

1. e4 c5 2. Nf3 e6 3. d4 cxd4 4. Nxd4 Nf6 5. Nc3 Nc6 6. Ndb5 d6 7. Bf4 e5 8. Bg5 a6 9. Bxf6 gxf6 10. Na3 b5 11. Nd5 Bg7 12. g3 f5 13. Bg2 0-0 14. exf5 Bxf5 15. Ne3 e4 16. Nxf5 Bxb2 17. 0-0 Qf6 18. Rb1 Bxa3 19. Bxe4 d5 20. Qxd5 Ne7 21. Qb3 Rab8 22. Qxa3 Nxf5 23. Qf3 Qg7 24. Bxf5 Rfd8 25. Rb4 Kh8 26. Rg4 Qf6 27. Qf4 Rg8 28. Rh4 Rg7 29. Qxb8+ Rg8 30. Rxh7# 1-0